Edison. (Record no. 944)
[ view plain ]
| 000 -LEADER | |
|---|---|
| fixed length control field | 00490cam a22001931 4500 |
| 005 - DATE AND TIME OF LATEST TRANSACTION | |
| control field | 20260322212040.0 |
| 008 - FIXED-LENGTH DATA ELEMENTS--GENERAL INFORMATION | |
| fixed length control field | data |
| 010 ## - LIBRARY OF CONGRESS CONTROL NUMBER | |
| LC control number | 64013468 |
| 040 ## - CATALOGING SOURCE | |
| Original cataloging agency | DLC |
| Transcribing agency | DLC |
| Modifying agency | DLC |
| 050 00 - LIBRARY OF CONGRESS CALL NUMBER | |
| Classification number | TK140.E3 |
| Item number | B4 |
| 082 00 - DEWEY DECIMAL CLASSIFICATION NUMBER | |
| Classification number | B |
| -- | B |
| 001 - CONTROL NUMBER | |
| control field | data |
| 100 1# - MAIN ENTRY--PERSONAL NAME | |
| Personal name | Beasley, Rex. |
| 245 10 - TITLE STATEMENT | |
| Title | Edison. |
| Statement of responsibility, etc. | Rex Beasley. |
| 250 ## - EDITION STATEMENT | |
| Edition statement | [1st ed.] |
| 260 ## - PUBLICATION, DISTRIBUTION, ETC. | |
| Place of publication, distribution, etc. | Philadelphia, |
| Name of publisher, distributor, etc. | Chilton Books |
| Date of publication, distribution, etc. | [c1964] |
| 300 ## - PHYSICAL DESCRIPTION | |
| Extent | 176 p. |
| Other physical details | illus., ports., facsims. |
| Dimensions | 25 cm. |
| 600 10 - SUBJECT ADDED ENTRY--PERSONAL NAME | |
| Personal name | Edison, Thomas A. |
| Fuller form of name | (Thomas Alva), |
| Dates associated with a name | 1847-1931. |
| Withdrawn status | Lost status | Damaged status | Not for loan | Home library | Current library | Shelving location | Date acquired | Total checkouts | Full call number | Barcode | Date last seen | Price effective from | Koha item type |
|---|---|---|---|---|---|---|---|---|---|---|---|---|---|
| Franklin | Franklin | General stacks | 22/03/2026 | 621.3/092 B | BC0010976 | 22/03/2026 | 22/03/2026 | Books |